000 01824cam a2200433 i 4500
001 21701402
003 BJBSDDR
005 20231127110719.0
007 ta
008 200903t20212021dcu b 001 0 eng
010 _a 2020038953
020 _a9781426221774
_q(hardcover)
020 _a1426221770
040 _aPSt/DLC
_beng
_erda
_cDLC
_dDLC
041 _aeng
042 _apcc
050 0 0 _aQB982
_bL432 2021
082 0 0 _a523.1
_223
100 1 _aTyson, Neil deGrasse,
_d1958-
_96085
245 1 0 _aCosmic queries :
_bStarTalk's guide to who we are, how we got here, and where we're going /
_cNeil deGrasse Tyson with James Trefil ; edited by Lindsey N. Walker.
260 _aWashington, DC :
_bNational Geographic,
_c2021.
264 1 _aWashington, DC :
_bNational Geographic,
_c[2021]
264 4 _c©2021.
300 _a309 pages :
_bcolor illustratios ;
_c24 cm.
336 _atext
_btxt
_2rdacontent
337 _aunmediated
_bn
_2rdamedia
338 _avolume
_bnc
_2rdacarrier
504 _aIncludes bibliographical references and index.
505 0 _aWhat is our place in the universe? -- How do we know what we know? -- How did the universe get to be this way? -- How old is the universe? -- What is the universe made of? -- What is life? -- Are we alone in the universe? -- How did it all begin? -- How will it all end? -- What does nothing have to do with everything?.
520 _a"An exploration of some of the deepest questions about our place in the universe"--
_cProvided by publisher.
650 0 _aCosmology
_vPopular works.
700 1 _aTrefil, James,
_d1938-
_eauthor.
700 1 _aWalker, Lindsey N.,
_eeditor.
730 0 _aStarTalk radio (Podcast)
906 _a7
_bcbc
_corignew
_d1
_eecip
_f20
_gy-gencatlg
942 _2lcc
_n0
_cBK
946 _isba
999 _c120355
_d120355